| 000 | 00822pam a2200265 i 4500 | ||
|---|---|---|---|
| 008 | |||
| 020 | _a0397504179 (hbk.) | ||
| 049 | _aMAIN | ||
| 090 |
_aRD544.G63 _bGOL |
||
| 100 | 1 | _aGoldberg, Stanley M. | |
| 245 | 1 | 0 |
_aEssentials of anorectal surgery / _c[by] Stanley M. Goldberg, Philip H. Gordon [and] Santhat Nivatvongs. |
| 260 |
_aPhiladelphia : _bLippincott, _cc1980. |
||
| 300 |
_axxv, 389 p. : _bill. ; _c26 cm. |
||
| 504 | _aIncludes bibliographical references. | ||
| 500 | _aIncludes index. | ||
| 650 | 0 |
_aAnus _xSurgery. |
|
| 650 | 0 |
_aRectum _xSurgery. |
|
| 700 | 1 | _aGordon, Philip H. | |
| 700 | 1 | _aNivatvongs, Santhat. | |
| 907 |
_a.b10355625 _b26-03-15 _c26-03-15 |
||
| 003 | |||
| 005 | 20230120204149.0 | ||
| 040 | _cNUST | ||
| 942 |
_cBOOKS _kRD544.G63 _mGOL |
||
| 999 |
_c118276 _d118276 |
||